Trade policies in Russia <the> role of local and regional governments

Gespeichert in:
Bibliographische Detailangaben
Format: Buch
Sprache:Englisch
Veröffentlicht: Paris OECD 2003
Schriftenreihe:Emerging transition economies
Schlagworte:
Tags: Tag hinzufügen
Keine Tags, Fügen Sie das erste Tag hinzu!

MARC

LEADER 00000nam$a2200000$$$4500
001 0018113
005 20240315121351.4
020 |a 92-64-10201-9 
041 0 |a eng 
044 |a FR 
245 1 0 |a Trade policies in Russia  |b <the> role of local and regional governments 
264 1 |a Paris  |b OECD  |c 2003 
300 |a 108 s. 
490 1 |a Emerging transition economies 
830 0 |a Emerging transition economies 
610 2 0 |a politika obchodná 
610 2 0 |a Rusko 
610 2 0 |a vláda 
610 2 0 |a politika hospodárska 
610 2 0 |a politika regionálna 
610 2 0 |a investície 
610 2 0 |a zdroje prírodné 
610 2 0 |a služby 
610 2 0 |a reformy 
610 2 0 |a federácia 
610 2 0 |a OECD